000 00589cam a2200169 a 4500
020 _a0804719837 (cloth : alk. paper) :
020 _a0804720215 (paper : alk. paper) :
040 _cDLC
082 0 0 _a382 SAT 1992 A073 Or.
100 1 _aSanderson, Steven E.
245 1 4 _aThe politics of trade in Latin American development /
260 _aStanford, Calif. :
_bStanford University Press,
_c1992.
300 _axii, 292 p. ;
_c24 cm.
856 4 2 _uhttp://www.loc.gov/catdir/description/cam024/91039863.html
856 4 1 _uhttp://www.loc.gov/catdir/toc/cam026/91039863.html
942 _cEK
999 _c15091
_d15091